000 00748cab a2200241 4500
001 WB3325-22
008 090401t1997 xxu||||| |||| 00| 0 eng d
035 _a(Sirsi) u79178
041 _aeng
245 _aSecuritisation isue
260 _c1997
350 _a0
490 _aSunday Business
_v22 June 1997, 9(1)
520 _aCanary Wharf is set to become the first significant UK property to embrace securitisation. Plans are being drawn up to sell off £400m of the building`s value to repay debt.
650 _aCANARY WHARF
650 _aDOCKLANDS
650 _aPROPERTY SECURITISATION
650 _aREITS
650 _aSECURITISATION
690 _aPROPERTY-PROPERTY FINANCE AND INVESTMENT
942 _n0
948 _c24/06/1997
999 _c49773
_d49773